|
|
|
|
| LEADER |
00000nam0a2200000 4500 |
| 001 |
296884 |
| 005 |
20231102000942.0 |
| 035 |
|
|
|a (RuTPU)RU\TPU\book\321995
|
| 090 |
|
|
|a 296884
|
| 100 |
|
|
|a 20150603d1984 k y0rusy50 ca
|
| 101 |
1 |
|
|a rus
|c ger
|
| 102 |
|
|
|a RU
|
| 105 |
|
|
|a a z 001zy
|
| 200 |
1 |
|
|a Принципы операционной системы ОС ЕС
|e пер. с нем.
|f Ф. Грунд
|
| 210 |
|
|
|a Москва
|c Финансы и статистика
|d 1984
|
| 215 |
|
|
|a 189 с.
|c ил.
|
| 320 |
|
|
|a Библиогр.: с. 184
|
| 320 |
|
|
|a Предметный указатель: с. 185-187
|
| 606 |
|
|
|a Вычислительные машины электронные
|x Операционные системы
|2 stltpush
|3 (RuTPU)RU\TPU\subj\4125
|9 32431
|
| 610 |
1 |
|
|a данные
|
| 610 |
1 |
|
|a наборы
|
| 610 |
1 |
|
|a определение
|
| 610 |
1 |
|
|a параметры
|
| 610 |
1 |
|
|a операционная система ОС EC
|
| 610 |
1 |
|
|a операторы
|
| 610 |
1 |
|
|a исходные модули
|
| 610 |
1 |
|
|a компиляция
|
| 610 |
1 |
|
|a утилиты
|
| 610 |
1 |
|
|a применение
|
| 675 |
|
|
|a 681.3.066
|v 4
|
| 700 |
|
1 |
|a Грунд
|b Ф.
|g Фридрих
|
| 801 |
|
1 |
|a RU
|b 63413507
|c 20150603
|
| 801 |
|
2 |
|a RU
|b 63413507
|c 20180528
|g RCR
|
| 942 |
|
|
|c BK
|